header

With the possum and the eagle (Record no. 44887)

MARC details
000 -LEADER
fixed length control field 01980nam a2200469 a 4500
082 04 - DEWEY DECIMAL CLASSIFICATION NUMBER
Classification number 940.54/4973/092
-- B
100 1# - MAIN ENTRY--AUTHOR NAME
Personal name Nutter, Ralph H.
245 10 - TITLE STATEMENT
Title With the possum and the eagle
260 ## - PUBLICATION, DISTRIBUTION, ETC. (IMPRINT)
Place of publication Denton, Tex. :
Name of publisher University of North Texas Press,
Year of publication c2005.
300 ## - PHYSICAL DESCRIPTION
Number of Pages xiv, 327 p. :
Other physical details ill., maps.
500 ## - GENERAL NOTE
General note Originally published: Novato, CA : Presidio, 2002.
505 0# - FORMATTED CONTENTS NOTE
Formatted contents note pt. I. The air war against Germany -- pt. II. The air war against Japan.
650 #0 - SUBJECT ADDED ENTRY--TOPICAL TERM
Topical Term World War, 1939-1945
Topical Term World War, 1939-1945
Topical Term Flight navigators, Military
Topical Term Bombing, Aerial
Topical Term Bombing, Aerial
Topical Term B-17 bomber.
Topical Term B-29 (Bomber)
856 40 - ELECTRONIC LOCATION AND ACCESS
Uniform Resource Identifier http://site.ebrary.com/lib/rucke/Doc?id=10648851

No items available.

© 2026 Rongo University
Contact us: librarian | system librarian | Rongo university